A-Z Cities: United Kingdom - Statistics

General Stats
  • This quiz has been taken 58 times
  • The average score is 10 of 23
Answer Stats
Hint Answer % Correct
B Birmingham
96%
L London
96%
M Manchester
94%
E Edinburgh
90%
C Cardiff
88%
G Glasgow
84%
Y York
73%
O Oxford
69%
N Nottingham
67%
S Sheffield
49%
D Derby
45%
K Kingston upon Hull
45%
W Wolverhampton
43%
R Reading
29%
H Huddersfield
24%
P Preston
22%
J Jarrow
10%
T Telford
10%
U Uckfield
8%
I Islington
4%
V Viewpark
2%
A Archway
0%
F Fylde
0%
No matching quizzes found
Score Distribution
Percent of People with Each Score
Percentile by Number Answered
Your Score History
You have not taken this quiz